| 000 | 01195cam a2200361 i 4500 | ||
|---|---|---|---|
| 001 | 18485441 | ||
| 003 | SISC | ||
| 005 | 20160820103741.0 | ||
| 008 | 150209s2015 enk b 001 0 eng | ||
| 010 | _a 2014038135 | ||
| 020 | _a9780415744508 | ||
| 020 | _a9780415744508 (pbk) | ||
| 020 | _z9781315813011 (ebk) | ||
| 040 |
_aDLC _beng _cDLC _erda _dDLC |
||
| 042 | _apcc | ||
| 050 | 0 | 0 |
_aGT 3405 _b.H65 2015 |
| 082 | 0 | 0 | _a394.2 |
| 100 | 1 | _aHolmes, Kirsten. | |
| 245 | 1 | 0 |
_aEvents and sustainability / _cKirsten Holmes, Michael Hughes, Judith Mair and Jack Carlsen. |
| 260 |
_aNew York : _bRoutledge, _c2015. |
||
| 300 |
_axvi, 206 pages ; _c25 cm |
||
| 500 | _aIncludes bibliographical references and index. | ||
| 650 | 0 |
_aSpecial events _xManagement. |
|
| 650 | 0 |
_aSpecial events _xPlanning. |
|
| 650 | 0 |
_aSpecial events industry _xEnvironmental aspects. |
|
| 650 | 0 | _aSustainablity. | |
| 700 | 1 |
_aHughes, Michael, _d1971- |
|
| 700 | 1 | _aMair, Judith. | |
| 700 | 1 | _aCarlsen, Jack. | |
| 906 |
_a7 _bcbc _corignew _d1 _eecip _f20 _gy-gencatlg |
||
| 942 |
_2lcc _cBK _kFOR |
||
| 999 |
_c288928 _d288928 |
||